00725nam a2200229Ia 450000500170000000800410001702000130005804000190007104100120009008200160010210000180011824500690013625000110020526000680021630000160028465000190030065100290031985000100034894200070035899900160036595201140038120221019115343.0131103s9999 xx 000 0 und d a70581894 aLoreto College aEnglish a153.94bGUH aGuha, Abhijit aQuantitative aptitude for competitive examinationscAbhijit Guha a3rd ed aNew DelhibTata McGraw-Hill Publishing Company Limitedc(c)2004 axvii,M-31p  aAptitude Tests aCompetitive Examinations aLCLIB cBK c8039d58518 00102ddc4070aMAINbMAINd2013-11-04l3o153.94 GUH 44001pB7911r2020-01-20s2020-01-20w2013-11-04yBKf